[Event "Bermuda"]
[Site "Bermuda"]
[Date "1995.??.??"]
[Round "9"]
[White "Polgar, Sofia"]
[Black "Ivanov, Alexander"]
[Result "1/2-1/2"]
[WhiteElo "2500"]
[BlackElo "2515"]

1.e4 e5 2.Nc3 Nf6 3.g3 Bc5 4.Bg2 a6 5.Nf3 d6 6.d4 exd4 7.Nxd4 O-O 8.O-O Bg4
9.Qd2 Qd7 10.b3 Bh3 11.Bb2 Nc6 12.Nxc6 Bxg2 13.Kxg2 Qxc6 14.f3 Bb4 15.a3 Bxc3
16.Bxc3 Nd7 17.Rad1 Rae8 18.Qd4 f6 19.Qd5+ Qxd5 20.Rxd5 b6 21.h4 Ne5 22.g4 h6
23.Kg3 g5 24.hxg5 hxg5 25.Rd2 Kg7 26.Rh1 Rh8 27.Rdh2 Rxh2 28.Rxh2 a5 29.a4 Nd7
30.Bd4  1/2-1/2

[Event "HUN-ch"]
[Site "Budapest"]
[Date "1995.??.??"]
[Round "1"]
[White "Polgar, Sofia"]
[Black "Groszpeter, Attila"]
[Result "0-1"]
[WhiteElo "2500"]
[BlackElo "2520"]

1.e4 c5 2.Nf3 d6 3.d4 cxd4 4.Nxd4 Nf6 5.Nc3 Nc6 6.Bg5 e6 7.Qd2 a6 8.O-O-O h6
9.Be3 Be7 10.f4 Bd7 11.Kb1 b5 12.Bd3 O-O 13.g4 Nxg4 14.Rhg1 Nxe3 15.Qxe3 Kh8
16.e5 Nxd4 17.Qxd4 Bc6 18.Qe3 Rg8 19.Ne4 Bxe4 20.Qxe4 g6 21.Qe3 Qf8 22.Rg3 Rd8
23.Rf1 h5 24.Rgf3 Rg7 25.Qb6 Ra8 26.exd6 Bxd6 27.Be4 Bc5 28.Qc6 Ra7 29.f5 exf5
30.Bxf5 Qd6 31.Qe4 Re7 32.Qh4 Re3 33.Rxe3 Bxe3 34.Bd3 Bd4 35.a3 f5 36.Qe1 Bf6
37.Qd2 Qe5 38.c4 Kh7 39.cxb5 axb5 40.Qe2 Qxe2 41.Bxe2 Rd7 42.Rd1 Rxd1+ 43.Bxd1 Be5
44.h3 Kh6 45.Be2 b4 46.axb4 Kg5 47.Kc2 Kh4 48.Bc4 Kxh3 49.Bf7 Kg4 50.Bxg6 h4
51.Kd3 h3 52.Bf7 f4 53.Ke4 h2  0-1

[Event "HUN-ch"]
[Site "Budapest"]
[Date "1995.??.??"]
[Round "4"]
[White "Farago, Ivan"]
[Black "Polgar, Sofia"]
[Result "1/2-1/2"]
[WhiteElo "2515"]
[BlackElo "2500"]

1.d4 Nf6 2.c4 c5 3.d5 b5 4.cxb5 a6 5.e3 axb5 6.Bxb5 Qa5+ 7.Nc3 Bb7 8.Ne2 Nxd5
9.O-O Nc7 10.Bc4 Nc6 11.Bd2 Qb6 12.Na4 Qa7 13.Nec3 e6 14.Nb5 Nxb5 15.Bxb5 Rd8
16.Bc3 Ba6 17.Bxa6 Qxa6 18.b3 d5 19.Bb2 Nb4 20.Bc3 Qd3 21.a3 Qxd1 22.Rfxd1 Na6
23.Rab1 Rb8 24.Rb2 f6 25.Rdb1 Kd7 26.b4 cxb4 27.axb4 Rb5 28.Rb3 Bd6 29.Nb2 e5
30.f3 Nc7 31.Nd3 Ra8 32.f4 e4 33.Nc1 Rb7 34.Ne2 Nb5 35.Rd1 Ra2 36.Bb2 Kc6
37.Rc1+ Kd7 38.Rd1 Kc6 39.Rc1+ Kd7  1/2-1/2

[Event "HUN-ch"]
[Site "Budapest"]
[Date "1995.??.??"]
[Round "7"]
[White "Polgar, Sofia"]
[Black "Horvath, Gyula"]
[Result "1/2-1/2"]
[WhiteElo "2500"]
[BlackElo "2455"]

1.e4 e5 2.Nf3 Nc6 3.Bb5 a6 4.Ba4 Nf6 5.O-O b5 6.Bb3 Bb7 7.c3 Nxe4 8.d4 Na5
9.Bc2 exd4 10.Bxe4 Bxe4 11.Re1 d5 12.Nxd4 c5 13.Nf5 Qd7 14.Ne3 Be7 15.f3 d4
16.cxd4 cxd4 17.fxe4 dxe3 18.Qxd7+ Kxd7 19.Bxe3 Bf6 20.Nc3 Bxc3 21.bxc3 Nc4
22.Bd4  1/2-1/2

[Event "HUN-ch"]
[Site "Budapest"]
[Date "1995.??.??"]
[Round "9"]
[White "Polgar, Sofia"]
[Black "Petran, Pal"]
[Result "1-0"]
[WhiteElo "2500"]
[BlackElo "2470"]

1.e4 e5 2.Nf3 Nc6 3.Nc3 Nf6 4.Bb5 Bb4 5.O-O O-O 6.d3 d6 7.Bg5 Bxc3 8.bxc3 Nb8
9.d4 Qe7 10.Bd3 Re8 11.Re1 h6 12.Bc1 Nh7 13.Nd2 Nc6 14.Bb2 Qh4 15.Nf1 Nf6
16.f3 Ne7 17.g3 Qg5 18.Qe2 Bh3 19.Qf2 Nh7 20.Kh1 Qf6 21.f4 g5 22.Qe3 Qg7
23.fxe5 dxe5 24.Nd2 Nf6 25.Qf3 Ng6 26.Nc4 Ng4 27.Bf1  1-0

[Event "NLD-chT9596"]
[Site "?"]
[Date "1995.??.??"]
[Round "?"]
[White "Polgar, Sofia"]
[Black "Langeweg, Kick"]
[Result "1/2-1/2"]
[WhiteElo "2500"]
[BlackElo "2385"]

1.e4 c5 2.Nf3 e6 3.d4 cxd4 4.Nxd4 a6 5.Bd3 Qc7 6.O-O Nf6 7.Kh1 b6 8.f4 d6
9.Nc3 Bb7 10.Nf3 Nbd7 11.Qe2 Nc5 12.Bd2 Nxd3 13.cxd3 Be7 14.Rfc1 Qd8 15.a4 O-O
16.Rab1  1/2-1/2

[Event "North Bay op"]
[Site "North Bay"]
[Date "1995.??.??"]
[Round "4"]
[White "Polgar, Sofia"]
[Black "Larsen, Bent"]
[Result "1/2-1/2"]
[WhiteElo "2500"]
[BlackElo "2505"]

1.e4 c5 2.Nf3 Nc6 3.Bb5 e6 4.O-O Nge7 5.Re1 a6 6.Bf1 d5 7.exd5 Nxd5 8.d4 cxd4
9.Nxd4 Be7 10.Nxc6 bxc6 11.Nd2 O-O 12.c3 Qc7 13.Nf3 Rb8 14.Qc2 c5 15.Bd3 h6
16.Qa4 Rd8 17.Bc2 c4 18.Bb1 Nf6 19.Qc2 Rd5 20.h3 Bb7 21.Nd4 Bc5 22.Be3 Bxd4
23.cxd4 Rb5 24.Rc1 Qc6 25.f3 Qb6 26.Qxc4 Rxb2 27.Qc5 Qd8 28.Qa3 Ba8 29.Qxa6 Nd5
30.Qd3 Qh4 31.Bc2 f5 32.Bd2 Bc6 33.Rab1 Qg3 34.Rxb2 Rxb2 35.Qc4 Bd7 36.Rb1 Qb8
37.Rxb2 Qxb2 38.a4 Nb6 39.Qc3 Qxc3 40.Bxc3 Bxa4 41.Ba5 Bxc2  1/2-1/2

[Event "Pardubice op"]
[Site "Pardubice"]
[Date "1995.??.??"]
[Round "?"]
[White "Polgar, Sofia"]
[Black "Pedzich, Dominik"]
[Result "1-0"]
[WhiteElo "2485"]
[BlackElo "2400"]

1.e4 b6 2.d4 Bb7 3.Nc3 e6 4.Nf3 Bb4 5.Bd3 Nf6 6.Qe2 d5 7.exd5 Nxd5 8.Bd2 Nxc3
9.bxc3 Be7 10.O-O Nd7 11.Rad1 O-O 12.Bf4 Bf6 13.Ne5 g6 14.Bb5 Nb8 15.Bc4 Bd5
16.Bxd5 exd5 17.Qf3 Bg7 18.Rfe1 c6 19.Re2 a6 20.Rde1 Ra7 21.Nd3 a5 22.Qg3 Qc8
23.Be5 Na6 24.Bxg7 Kxg7 25.Nf4 Qd8 26.h4 Kh8 27.h5 Rd7 28.h6 Nc7 29.Nh5 f6
30.Nf4 Kg8 31.Ne6 Nxe6 32.Rxe6 Qc7 33.Qf3 Rdf7 34.a4 Qd7 35.Qe3 b5 36.Qc1 Rb8
37.axb5 cxb5 38.Qa3 b4 39.Qxa5 bxc3 40.Qxc3 Rc8 41.Qb4 Qd8 42.Re7 Qf8 43.Qd6 Rd8
44.Qxd8 Qxd8 45.Re8+ Rf8 46.Rxd8 Rxd8 47.Re7 Rc8 48.Rg7+ Kh8 49.Rd7 Kg8 50.Rxd5 Rxc2
51.Rd7 Rd2 52.g3 g5 53.d5 Kf8 54.Kf1 f5 55.Ke1 Rd4 56.Ke2 f4 57.g4 Ke8  1-0

[Event "Pardubice op"]
[Site "Pardubice"]
[Date "1995.??.??"]
[Round "?"]
[White "Polgar, Sofia"]
[Black "Onoprienko, Vladimir"]
[Result "1-0"]
[WhiteElo "2485"]
[BlackElo "2370"]

1.e4 c5 2.Nf3 g6 3.d4 Bg7 4.Nc3 cxd4 5.Nxd4 Nc6 6.Be3 Nf6 7.Bc4 O-O 8.Bb3 Ng4
9.Qxg4 Nxd4 10.Qh4 Bf6 11.Qg3 Qa5 12.Bd2 Qh5 13.Qd3 Nc6 14.f4 d6 15.O-O Be6
16.Nd1 Qc5+ 17.Be3 Bd4 18.c3 Bxe3+ 19.Nxe3 Bxb3 20.axb3 a5 21.Kh1 b5 22.Nd5 Ra7
23.f5 Ne5 24.Qh3 f6 25.Nf4 Rf7 26.Qg3 a4 27.Ne6 Qb6 28.Qf2 Qxf2 29.Rxf2 gxf5
30.exf5 h5 31.Rd2 Nc6 32.bxa4 Rxa4 33.Rxa4 bxa4 34.Rd1 h4 35.Ra1 Rh7 36.Rxa4 Rh5
37.Rf4 Ne5 38.b4 Kf7 39.h3 Rh8 40.b5 Rc8 41.Rxh4 Rxc3 42.Rh8  1-0

[Event "Pardubice op"]
[Site "Pardubice"]
[Date "1995.??.??"]
[Round "?"]
[White "Kos, Toni"]
[Black "Polgar, Sofia"]
[Result "0-1"]
[WhiteElo "2235"]
[BlackElo "2485"]

1.e4 c5 2.c3 d5 3.exd5 Qxd5 4.d4 Nf6 5.dxc5 Qxc5 6.Na3 Bd7 7.Be3 Qc8 8.Nf3 g6
9.Ne5 Bg7 10.Nxd7 Nfxd7 11.Be2 Bxc3+ 12.bxc3 Qxc3+ 13.Bd2 Qxa3 14.Qb1 O-O
15.Qxb7 Nb6 16.O-O N8d7 17.Rfb1 Rab8 18.Qe4 Nf6 19.Qe5 Nbd7 20.Qc3 Rxb1+
21.Rxb1 Qxa2 22.Ra1 Qe6 23.Bf3 Ne5 24.Bb7 Neg4 25.Be3 Rb8 26.Qc7 Rxb7 27.Qxb7 Qe5
28.Rb1 Qxh2+ 29.Kf1 Nxe3+ 30.fxe3 Kg7 31.Ke2 a5 32.Qf3 h5 33.Rb7 Qe5 34.Qf4 Qd5
35.Rxe7 Qxg2+ 36.Ke1 Qa2 37.Qd4 a4 38.Rb7 Qd5 39.Qxd5 Nxd5 40.Kf2 Nf6 41.Rb4 g5
42.Rxa4 Ng4+ 43.Kf3 Kg6 44.Ra8 Ne5+ 45.Ke4 f6 46.Rg8+ Kh7 47.Ra8 Kg6 48.Rg8+ Kf7
49.Rh8 h4 50.Kf5 Kg7 51.Ra8 h3 52.Ra7+ Kh6 53.Ra8 g4 54.Kf4 Kg7 55.Kg3 f5
56.Ra6 Nf3 57.Rb6 Nd2 58.Kf2 Ne4+ 59.Kg1 g3 60.Ra6 Nd2 61.Ra1 Kg6 62.Rd1 Nf3+
63.Kf1 g2+ 64.Kf2 g1=Q+  0-1

[Event "Pardubice op"]
[Site "Pardubice"]
[Date "1995.??.??"]
[Round "?"]
[White "Goloshchapov, Alexander"]
[Black "Polgar, Sofia"]
[Result "1/2-1/2"]
[WhiteElo "2380"]
[BlackElo "2485"]

1.e4 c5 2.Nf3 d6 3.d4 cxd4 4.Nxd4 Nf6 5.Nc3 a6 6.Bc4 e6 7.Bb3 Nbd7 8.f4 Nc5
9.f5 Be7 10.Qf3 Qc7 11.Be3 b5 12.fxe6 fxe6 13.e5 Bb7 14.Qh3 dxe5 15.Nxe6 Nxe6
16.Qxe6 Rf8 17.O-O-O Bc8 18.Nd5 Nxd5 19.Qxd5 Bb7 20.Qe6 Bc8  1/2-1/2

[Event "Reykjavik Olafsson"]
[Site "Reykjavik"]
[Date "1995.??.??"]
[Round "1"]
[White "Polgar, Sofia"]
[Black "Gretarsson, Helgi Ass"]
[Result "1/2-1/2"]
[WhiteElo "2485"]
[BlackElo "2440"]

1.e4 e5 2.Nf3 Nc6 3.Bb5 a6 4.Ba4 d6 5.Bxc6+ bxc6 6.d4 f6 7.h3 Ne7 8.O-O Ng6
9.c4 Be7 10.Qa4 Bd7 11.c5 d5 12.Nc3 O-O 13.Re1 dxe4 14.Rxe4 exd4 15.Nxd4 f5
16.Ne6 Bxe6 17.Rxe6 Bf6 18.Be3 f4 19.Rd1 fxe3 20.Rxd8 exf2+ 21.Kxf2 Bd4+
22.Kg3 Raxd8 23.Qxc6 Be5+ 24.Rxe5 Nxe5 25.Qxc7 Nc4 26.Ne4 Rd3+ 27.Kh2 Ne3
28.Qb6 Kh8 29.Ng5 Rd2 30.Nf7+ Kg8 31.Nh6+ Kh8 32.Nf7+ Kg8 33.Nh6+ Kh8  1/2-1/2

[Event "Reykjavik Olafsson"]
[Site "Reykjavik"]
[Date "1995.??.??"]
[Round "3"]
[White "Polgar, Sofia"]
[Black "Larsen, Bent"]
[Result "1-0"]
[WhiteElo "2485"]
[BlackElo "2515"]

1.e4 c5 2.Nf3 d6 3.d4 Nf6 4.Nc3 cxd4 5.Nxd4 Nbd7 6.f4 a6 7.Nf3 Qc7 8.a4 g6
9.Bd3 Bg7 10.O-O O-O 11.Qe1 e6 12.Kh1 Nc5 13.Qh4 b6 14.f5 exf5 15.exf5 Nxd3
16.cxd3 Bxf5 17.Nd4 Qc5 18.Nxf5 gxf5 19.d4 Qc4 20.Rxf5 Ne8 21.Nd5 Ra7 22.Be3 f6
23.Qe4 Raf7 24.Ne7+ Kh8 25.Rh5  1-0

[Event "Reykjavik Olafsson"]
[Site "Reykjavik"]
[Date "1995.??.??"]
[Round "5"]
[White "Polgar, Sofia"]
[Black "Stefansson, Hannes"]
[Result "1/2-1/2"]
[WhiteElo "2485"]
[BlackElo "2520"]

1.e4 e5 2.Nf3 Nc6 3.Bb5 a6 4.Ba4 Nf6 5.O-O Be7 6.Re1 b5 7.Bb3 d6 8.c3 O-O
9.h3 Nd7 10.d4 Bf6 11.a4 Bb7 12.Na3 Nb6 13.axb5 axb5 14.Be3 b4 15.cxb4 exd4
16.Nxd4 Nxb4 17.Qd2 Na6 18.Ndb5 Nd7 19.Bd4 Nac5 20.Bc2 Ne6 21.Bc3 Re8 22.Nd4 Nxd4  1/2-1/2

[Event "Reykjavik Olafsson"]
[Site "Reykjavik"]
[Date "1995.??.??"]
[Round "6"]
[White "Olafsson, Helgi"]
[Black "Polgar, Sofia"]
[Result "1/2-1/2"]
[WhiteElo "2470"]
[BlackElo "2485"]

1.c4 e5 2.Nc3 Bb4 3.Nd5 a5 4.a3 Bc5 5.e3 Ne7 6.Nc3 c6 7.Nf3 d6 8.d4 exd4
9.exd4 Bb6 10.h3 d5 11.Bf4 O-O 12.c5 Bc7 13.Bxc7 Qxc7 14.Bd3 Bf5 15.O-O Bxd3
16.Qxd3 Nd7 17.Rfe1 Rfe8 18.Re3 Ng6 19.Rae1 Rxe3 20.Rxe3 b6 21.cxb6 Nxb6
22.g3 Rb8 23.b3 Qd6 24.a4 Nd7 25.Nb1 c5 26.Nbd2 Ngf8 27.dxc5 Nxc5 28.Qc3 Rb4
29.Nd4 Nfe6 30.N2f3 h6 31.Nf5 Qd7 32.N3d4 Nxd4 33.Nxd4 Ne4 34.Qc6 Qd8 35.Nf5 Kh7
36.Rd3 Nf6 37.Ne3 Qe7 38.Qc2 Qe4 39.Qd1 Qe6 40.Nxd5 Nxd5 41.Rxd5 g6 42.Qf3 Rb7
43.Kg2 Kg7 44.Rb5 Ra7 45.Qc3+ Kh7 46.Rb8 f6 47.Qc5 Re7 48.Qc8 Qxc8 49.Rxc8 Rb7
50.Rc3 h5 51.Kf3 g5 52.Ke3 Kg6 53.Rd3 h4 54.gxh4 gxh4 55.Ke4 Rb4+ 56.Kf3 f5
57.Kg2 Kg5 58.Rf3 Rd4 59.Kf1 Rd2 60.Rc3 Rb2 61.Kg2 Kf4 62.Rc5 Rxb3 63.Rxa5 Ra3
64.Ra8 Ra1 65.a5 Ra2 66.a6 Ra3 67.a7 Ra1 68.Kh2 Kf3 69.Rf8 Rxa7 70.Rxf5+ Ke2
71.Rf4 Rg7 72.Rxh4 Kxf2 73.Rg4 Rf7 74.h4 Kf3 75.Kh3 Rf5 76.Rg1 Kf4 77.Re1 Ra5
78.Rf1+ Ke5 79.h5 Ke6 80.Kg4 Ra2 81.h6 Rh2 82.Kg5 Rg2+ 83.Kh5 Rh2+ 84.Kg6 Rg2+
85.Kh7 Ke7 86.Ra1 Kf7 87.Ra7+ Kf6 88.Rg7 Ra2 89.Rg6+ Kf7 90.Rg4 Rf2 91.Ra4 Rg2
92.Kh8 Rg1 93.Ra7+ Kf8 94.Rg7 Rh1 95.Kh7 Rf1 96.Ra7 Rf7+ 97.Rxf7+ Kxf7  1/2-1/2

[Event "Reykjavik Olafsson"]
[Site "Reykjavik"]
[Date "1995.??.??"]
[Round "7"]
[White "Polgar, Sofia"]
[Black "Hjartarson, Johann"]
[Result "1-0"]
[WhiteElo "2485"]
[BlackElo "2570"]

1.e4 c5 2.Nf3 Nc6 3.d4 cxd4 4.Nxd4 Nf6 5.Nc3 e5 6.Ndb5 d6 7.Bg5 a6 8.Na3 Be6
9.Nc4 Rc8 10.Bxf6 gxf6 11.Ne3 Bh6 12.Ng4 Bg7 13.Bd3 Qb6 14.Rb1 Nd4 15.O-O f5
16.exf5 Nxf5 17.Bxf5 Bxf5 18.Ne3 Be6 19.Qh5 Qc6 20.Nf5 Bf8 21.Rfd1 Rg8 22.Ne3 Rg6
23.Ned5 Bh6 24.Rd3 Kf8 25.Qh4 Kg7 26.Rbd1 Bg5 27.Qh5 Bd8 28.Ne3 Rg5 29.Qe2 Bc4
30.h4 Bxd3 31.Qxd3 Rg6 32.h5 Rg5 33.Ne4 Rxh5 34.Nxd6 Bb6 35.Nef5+ Kf6 36.Ne4+ Kxf5
37.Qf3+ Kg6 38.Qg4+ Kh6 39.Rd6+ Qxd6 40.Nxd6 Rf8 41.Nf5+ Rxf5 42.Qxf5 f6
43.Qh3+  1-0

[Event "Reykjavik Olafsson"]
[Site "Reykjavik"]
[Date "1995.??.??"]
[Round "9"]
[White "Polgar, Sofia"]
[Black "Arnason, Jon L"]
[Result "1-0"]
[WhiteElo "2485"]
[BlackElo "2545"]

1.e4 c5 2.Nf3 d6 3.d4 cxd4 4.Nxd4 Nf6 5.Nc3 a6 6.Bc4 e6 7.Bb3 b5 8.O-O Be7
9.a4 b4 10.Na2 Qb6 11.Be3 Qb7 12.f3 Nbd7 13.Qe1 Rb8 14.Qg3 g6 15.Rad1 Nc5
16.Bh6 e5 17.Ne2 Nxb3 18.cxb3 Be6 19.Nac1 Nd7 20.Kh1 Rc8 21.f4 Qxe4 22.Rfe1 Qf5
23.Qe3 Nf6 24.Ng3 Qc2 25.h3 Nd5 26.Qa7 Nxf4 27.Nce2 Nxe2 28.Nxe2 Qc7 29.Qxa6 Qc6
30.Qd3 Bf5 31.Qe3 Qe4 32.Qf2 Bh4 33.Ng3 Qc2 34.Qe3 Bxg3 35.Qxg3 Be6 36.Rxd6 Qxb2
37.Bg7 Rg8 38.Bxe5 Qc2 39.Bf6 Qf5 40.Qh4 g5  1-0

[Event "Reykjavik Olafsson"]
[Site "Reykjavik"]
[Date "1995.??.??"]
[Round "10"]
[White "Polgar, Sofia"]
[Black "Gligoric, Svetozar"]
[Result "1/2-1/2"]
[WhiteElo "2485"]
[BlackElo "2455"]

1.e4 e5 2.Nf3 Nc6 3.Bb5 a6 4.Ba4 Nf6 5.O-O Be7 6.Re1 b5 7.Bb3 d6 8.c3 O-O
9.h3 Bb7 10.d4 Re8 11.Nbd2 Bf8 12.a4 h6 13.d5 Na7 14.Nh2 c6 15.dxc6 Nxc6
16.Ng4 Na5 17.Nxf6+ Qxf6 18.Ba2 Rec8 19.Bd5 Bxd5 20.exd5 Qd8 21.axb5 axb5
22.Re4 Nb7 23.Rxa8 Rxa8 24.Rb4 Qd7 25.Nb1 Ra1 26.Na3 Nc5 27.Nc2 Rb1 28.Na3 Ra1
29.Nc2 Rb1 30.Na3  1/2-1/2

[Event "San Francisco"]
[Site "San Francisco"]
[Date "1995.??.??"]
[Round "1"]
[White "Polgar, Sofia"]
[Black "Christiansen, Larry Mark"]
[Result "0-1"]
[WhiteElo "2500"]
[BlackElo "2570"]

1.e4 c5 2.Nf3 Nc6 3.d4 cxd4 4.Nxd4 e5 5.Nb5 d6 6.N1c3 a6 7.Na3 b5 8.Nd5 Nge7
9.Be3 Nxd5 10.exd5 Ne7 11.c4 Nf5 12.Bd2 Be7 13.cxb5 O-O 14.bxa6 e4 15.Nc2 Bf6
16.Rb1 Nh4 17.b4 Bxa6 18.Bxa6 Rxa6 19.b5 Rxa2 20.Nb4 Ra3 21.O-O Qd7 22.Bf4 Bd8
23.Bg3 Nf5 24.Qc1 Nxg3 25.hxg3 Ra4 26.Qc6 Qa7 27.Nc2 Bb6 28.Ne3 Bxe3 29.b6 Bxb6
30.Rxb6 e3 31.fxe3 Rg4 32.Kh2 Rg6 33.Qb7 Qxb7 34.Rxb7 f5 35.Rd7 h6 36.Rc1 Re8
37.Rc3 Re5 38.Rd8+ Kh7 39.Rd3 Re4 40.Rf8 Rg5 41.Rd8 Rg6 42.Rf8 Re5 43.Rd8 h5
44.Rf8 Kh6 45.Rh8+ Kg5 46.Kg1 Rf6 47.Kf2 Kg4 48.Rd1 Kg5 49.Kf3 g6 50.Rh7 Re4
51.Rd2 Ra4 52.Rc2 Ra5 53.Rd2 Rb5 54.Rh8 Rb3 55.Kf2 Rf7 56.Re8 Ra7 57.Re6 Ra6
58.Kf3 Rb5 59.Kf2 Kh6 60.Re7 Rab6 61.Kf3 Kg5 62.Re6 Rb1 63.Ke2 Rg1 64.Kf2 Rh1
65.Kf3 Rf1+ 66.Ke2 Ra1 67.Kf3 Rba6 68.Ke2 Kh6 69.Rc2 Rg1 70.Kf3 Rd1 71.Rc6 Ra2
72.g4 fxg4+ 73.Kg3 Kg5  0-1

[Event "San Francisco"]
[Site "San Francisco"]
[Date "1995.??.??"]
[Round "2"]
[White "Huebner, Robert"]
[Black "Polgar, Sofia"]
[Result "1/2-1/2"]
[WhiteElo "2620"]
[BlackElo "2500"]

1.e4 e5 2.Nf3 Nc6 3.Bb5 a6 4.Ba4 Nf6 5.O-O Nxe4 6.d4 b5 7.Bb3 d5 8.dxe5 Be6
9.Nbd2 Nc5 10.c3 d4 11.Bxe6 Nxe6 12.cxd4 Ncxd4 13.a4 b4 14.Nxd4 Nxd4 15.Nb3 c5
16.Nxd4 cxd4 17.Qf3 Ra7 18.Rd1 Be7 19.Qg4 g6 20.Bh6 Rd7 21.e6 Rd6 22.Bg7 Rg8
23.exf7+ Kxf7 24.Bxd4 Qd7 25.Qf3+ Qf5 26.Qxf5+ gxf5 27.Be3 Rgd8 28.Rxd6 Bxd6
29.f4 Rc8 30.Rd1 Ke6 31.Rd2 Rc4 32.g3 h5 33.Kf1 h4 34.Ke2 hxg3 35.hxg3 b3
36.Kd3 Rxa4 37.Rh2 Be7 38.Bd4 Kd5 39.Bh8 Ra1 40.Rh5 Ke6 41.Kc4 a5 42.Rh6+ Kf7
43.Kxb3 a4+ 44.Kc4 a3 45.bxa3 Rxa3 46.Bc3 Ra4+ 47.Kd5 Ra3 48.Rh7+ Kf8 49.Kc4 Ra4+
50.Kb3 Ra3+ 51.Kb2 Ra6 52.Rh5 Rg6 53.Rxf5+ Ke8 54.Re5 Rxg3 55.Bb4 Rg7 56.Kc3 Kd7
57.Bxe7 Rxe7 58.Kd4 Rxe5 59.Kxe5 Ke7 60.Kf5  1/2-1/2

[Event "San Francisco"]
[Site "San Francisco"]
[Date "1995.??.??"]
[Round "7"]
[White "Polgar, Sofia"]
[Black "Gulko, Boris F"]
[Result "1/2-1/2"]
[WhiteElo "2500"]
[BlackElo "2595"]

1.e4 c6 2.d4 d5 3.Nc3 dxe4 4.Nxe4 Nd7 5.Bd3 Ngf6 6.Nxf6+ Nxf6 7.Nf3 Bg4 8.c3 e6
9.O-O Be7 10.b3 O-O 11.Bb2 Nd5 12.Bc2 Nf4 13.Re1 Bd6 14.Be4 f5 15.Bd3 Qf6
16.Bc1 Rad8 17.Bxf4 Bxf4 18.Bc4 Rfe8 19.h3 Bh5 20.Be2 c5 21.Qc2 cxd4 22.cxd4 Rd5
23.Rad1 Red8 24.Qc3 b5 25.Qc6 h6 26.a4 bxa4 27.bxa4 Kh8 28.Rb1 R5d6 29.Qc5 Bxf3
30.Bxf3 Qxd4 31.Qxd4 Rxd4 32.Rxe6 Rxa4 33.Bh5 Rad4 34.Rbe1 R4d6 35.g4 Rxe6
36.Rxe6 fxg4 37.hxg4 Kg8 38.Re8+ Rxe8 39.Bxe8 Kf8 40.Ba4 Ke7 41.Kf1 Kd6 42.Ke2 Kc5
43.Kd3 a5 44.Be8 Kd5 45.f3 Ke5 46.Bd7 Bg5 47.Be8 Kf4 48.Ke2 Kg3 49.Bd7 g6
50.Be8 h5 51.gxh5  1/2-1/2

[Event "San Francisco"]
[Site "San Francisco"]
[Date "1995.??.??"]
[Round "8"]
[White "Nunn, John DM"]
[Black "Polgar, Sofia"]
[Result "1/2-1/2"]
[WhiteElo "2630"]
[BlackElo "2500"]

1.e4 e5 2.Nf3 Nc6 3.Bb5 a6 4.Ba4 Nf6 5.d3 d6 6.c3 Be7 7.O-O O-O 8.Re1 Be6
9.Nbd2 Nd7 10.d4 Bg4 11.h3 Bh5 12.g4 Bg6 13.Nf1 exd4 14.Bxc6 bxc6 15.Nxd4 Bh4
16.Bf4 Nc5 17.Nf5 d5 18.exd5 Bxf5 19.gxf5  1/2-1/2

[Event "San Francisco"]
[Site "San Francisco"]
[Date "1995.??.??"]
[Round "9"]
[White "Polgar, Sofia"]
[Black "Ashley, Maurice"]
[Result "0-1"]
[WhiteElo "2500"]
[BlackElo "2460"]

1.e4 c6 2.d4 d5 3.exd5 cxd5 4.c4 Nf6 5.Nc3 e6 6.Nf3 Bb4 7.cxd5 Nxd5 8.Bd2 O-O
9.Bd3 Nc6 10.O-O Be7 11.a3 Bf6 12.Be3 Nxc3 13.bxc3 b6 14.Rc1 Bb7 15.Bb1 Rc8
16.c4 Qd6 17.Qd3 g6 18.Rfd1 Rfd8 19.Ba2 Nxd4 20.Nxd4 e5 21.c5 Rxc5 22.Qb3 Rd5
23.Qb1 exd4 24.Bxd5 Qxd5 25.f3 Qa5 26.Bh6 Qxa3 27.Rc7 Bd5 28.Rd3 Qa6 29.Qc2 Be6
30.g4 Qb5 31.Rxa7 Bc4 32.Rda3 d3 33.Qd2 Qd5 34.Kg2 Bg7 35.g5 Bf8 36.Ra1 Bb5
37.Qa2 Bc4 38.Qd2 b5 39.Re1 Qf5 40.Re4 Qd5 41.Rae7 Qc6 42.Qa5 Rc8 43.Qc3 Bd5
44.Qxd3 Bxe4 45.Rxe4 Qc2+ 46.Qxc2 Rxc2+ 47.Kf1 Bxh6 48.gxh6 Kf8 49.Re5 Rxh2
50.Rxb5 Rxh6 51.Kg2 Rh5 52.Rb7 Rg5+ 53.Kf2 Kg7 54.Ra7 h6 55.Rb7 Rf5 56.Kg3 g5
57.Rb6 Rf4 58.Ra6 f6 59.Ra8 h5 60.Ra5 Rc4 61.Rb5 Rc3 62.Rb8 Kg6 63.Kg2 g4  0-1

[Event "San Francisco"]
[Site "San Francisco"]
[Date "1995.??.??"]
[Round "10"]
[White "Xie Jun"]
[Black "Polgar, Sofia"]
[Result "1/2-1/2"]
[WhiteElo "2515"]
[BlackElo "2500"]

1.e4 c5 2.Nf3 d6 3.d4 cxd4 4.Nxd4 Nf6 5.Nc3 Nc6 6.Be2 e6 7.O-O Be7 8.Kh1 O-O
9.f4 a6 10.a4 Qc7 11.Be3 Re8 12.Bg1 Nxd4 13.Qxd4 e5 14.Qb6 Qxb6 15.Bxb6 exf4
16.Rxf4 Be6 17.Bd3 Nd7 18.Bd4 Ne5 19.Bxe5 dxe5 20.Rff1 Red8 21.Nd5 Bxd5 22.exd5 Rxd5
23.Bc4 Rd4 24.Bxf7+ Kh8 25.c4 a5  1/2-1/2

[Event "San Francisco"]
[Site "San Francisco"]
[Date "1995.??.??"]
[Round "11"]
[White "Polgar, Sofia"]
[Black "Browne, Walter S"]
[Result "0-1"]
[WhiteElo "2500"]
[BlackElo "2560"]

1.e4 c5 2.Nf3 d6 3.d4 cxd4 4.Nxd4 Nf6 5.Nc3 a6 6.h3 e6 7.g4 d5 8.exd5 Nxd5
9.Bd2 Nc6 10.Nde2 e5 11.Bg2 Be6 12.Ne4 Be7 13.O-O O-O 14.c4 Nf6 15.Nxf6+ Bxf6
16.b3 h5 17.Ng3 hxg4 18.hxg4 Bg5 19.Bc3 Qxd1 20.Raxd1 Bxg4 21.Rde1 Rad8 22.Bxc6 bxc6
23.Rxe5 f5 24.Re6 Rd3 25.Be5 Bf3 26.Re1 Bd2 27.Rb1 Kf7 28.Rd6 Rxd6 29.Bxd6 Rd8
30.Be5 Re8 31.Bd6 Rh8 32.b4 g5 33.Rb2 Bc1 34.Rc2 f4 35.Be5 Rh6 36.Rc3 g4
37.Rxf3 gxf3 38.Ne4 Rg6+ 39.Kf1 Ke6 40.Bc7 Kf5 41.Nd6+ Ke6 42.Ne4 Kf5 43.Nd6+ Kg4
44.Nf7 Rg7 45.Ne5+ Kf5 46.Bd6 Ke4 47.Nxc6 Be3  0-1

[Event "Bad Homburg"]
[Site "Bad Homburg"]
[Date "1996.??.??"]
[Round "1"]
[White "Polgar, Sofia"]
[Black "Stangl, Markus"]
[Result "1-0"]
[WhiteElo "2480"]
[BlackElo "2565"]

1.e4 c5 2.Nf3 d6 3.d4 cxd4 4.Nxd4 Nf6 5.Nc3 a6 6.f4 Qc7 7.Nf3 Nbd7 8.a4 g6
9.Bd3 Bg7 10.O-O b6 11.Kh1 Bb7 12.Qe1 Nc5 13.Bd2 O-O 14.b4 Nxd3 15.cxd3 e6
16.Rc1 Qe7 17.Qh4 Rac8 18.f5 Rc7 19.Rce1 h6 20.Nd1 Nh5 21.Qf2 exf5 22.exf5 Qd7
23.Qxb6 Rb8 24.fxg6 fxg6 25.Qe3 Bd5 26.Nf2 Nf6 27.Qd4 Qf5 28.Nh4 Qh5 29.Qf4 Rf8
30.Qg3 Kh7 31.Nh3 Rcf7 32.Nf4 Ng4 33.Nf3 Rxf4 34.Bxf4 Rf7 35.h3 Ne5 36.Bxe5 dxe5
37.b5 axb5 38.axb5 Rf4 39.Nd2 Qf5 40.Kg1 Bf6 41.Qe3 h5 42.Ne4 Bg7 43.Qc5 Qd7
44.b6 Ba8 45.Qd6 Qb5 46.Rxf4 exf4 47.Nf6+ Kh6 48.Qxf4+ g5 49.Qd6  1-0

[Event "Bad Homburg"]
[Site "Bad Homburg"]
[Date "1996.??.??"]
[Round "5"]
[White "Polgar, Sofia"]
[Black "Boensch, Uwe"]
[Result "1/2-1/2"]
[WhiteElo "2480"]
[BlackElo "2525"]

1.e4 c5 2.Nf3 d6 3.d4 cxd4 4.Nxd4 Nf6 5.Nc3 e6 6.Be2 Be7 7.O-O O-O 8.f4 Nc6
9.Be3 Bd7 10.Nb3 a6 11.a4 Na5 12.Nxa5 Qxa5 13.Qe1 Kh8 14.Qg3 Bc6 15.Bd4 Rae8
16.Kh1 Bd8 17.e5 dxe5 18.Bxe5 Be7 19.Bd3 Rd8 20.Ne4 Bxe4 21.Bxe4 Qb4 22.Bd3 Rd5
23.b3 Rfd8 24.Bc4 R5d7 25.Rae1 b5 26.axb5 axb5 27.Bc3 Qc5 28.Re5 Qc7 29.Bxb5 Rd1
30.Ree1 Rxe1 31.Qxe1 Qc5 32.Bc4 Ng4 33.Qg3 h5 34.h3 Qe3 35.Qe1 Qxe1 36.Rxe1 Bh4
37.Rg1 Nf2+ 38.Kh2 Ne4 39.Be1 Bf6 40.g3 h4 41.gxh4 Nd2 42.Be2 Rd4 43.Kg2 Be7
44.c3 Rd8 45.b4 f5 46.Bf2 Ne4 47.Bd4 Bxb4 48.Bxg7+ Kxg7 49.cxb4 Rd4 50.b5 Nc3
51.Kf2+ Kf6 52.Bf3 Rxf4 53.b6 Rb4 54.Rc1 Nd5 55.Bxd5 exd5 56.Rc6+ Kg7 57.Kg3 Kh7
58.h5 Kg7 59.Rd6 Kh7 60.Kf3 Kg7 61.Ke3 Kh7 62.Rg6 Kh8 63.h6 Kh7 64.Rf6 Kh8
65.Kd3 d4 66.Rxf5  1/2-1/2

[Event "Bad Homburg"]
[Site "Bad Homburg"]
[Date "1996.??.??"]
[Round "7"]
[White "Polgar, Sofia"]
[Black "Gabriel, Christian"]
[Result "1/2-1/2"]
[WhiteElo "2480"]
[BlackElo "2565"]

1.e4 e5 2.Nf3 Nc6 3.Bb5 a6 4.Ba4 Nf6 5.O-O Be7 6.Re1 b5 7.Bb3 d6 8.c3 O-O
9.h3 Nb8 10.d4 Nbd7 11.Nbd2 Bb7 12.Bc2 Re8 13.a4 Bf8 14.Bd3 c6 15.b4 Nb6
16.a5 Nbd7 17.Bb2 g6 18.Rb1 Nh5 19.c4 exd4 20.Bxd4 c5 21.Ba1 cxb4 22.cxb5 axb5
23.Rxb4 Rxa5 24.Rxb5 Nc5 25.Rxa5 Qxa5 26.Bc4 Ne6 27.Qb3 Ba6 28.Bd5 Nhf4 29.Nc4 Qb5
30.Qxb5 Bxb5 31.Ne3 Bg7  1/2-1/2

[Event "Bad Homburg"]
[Site "Bad Homburg"]
[Date "1996.??.??"]
[Round "8"]
[White "Hug, Werner"]
[Black "Polgar, Sofia"]
[Result "1-0"]
[WhiteElo "2445"]
[BlackElo "2480"]

1.Nf3 f5 2.d4 Nf6 3.c4 g6 4.Nc3 Bg7 5.e3 O-O 6.Be2 d6 7.O-O Qe8 8.b4 e5 9.dxe5 dxe5
10.Nd5 Rf7 11.Bb2 c6 12.Nxf6+ Bxf6 13.c5 e4 14.Nd4 Kg7 15.Bc4 Re7 16.Qb3 g5
17.f3 f4 18.exf4 gxf4 19.Ne2 e3 20.Bxf6+ Kxf6 21.Qc3+  1-0

[Event "Bad Homburg"]
[Site "Bad Homburg"]
[Date "1996.??.??"]
[Round "9"]
[White "Polgar, Sofia"]
[Black "Unzicker, Wolfgang"]
[Result "1/2-1/2"]
[WhiteElo "2480"]
[BlackElo "2460"]

1.e4 e5 2.Nf3 Nc6 3.Bb5 a6 4.Ba4 Nf6 5.O-O Nxe4 6.d4 b5 7.Bb3 d5 8.dxe5 Be6
9.c3 Be7 10.Nbd2 O-O 11.Bc2 f5 12.Nb3 Qd7 13.Nbd4 Nxd4 14.Nxd4 c5 15.Nxe6 Qxe6
16.f3 Ng5 17.a4 Rad8 18.axb5 axb5 19.Bxg5 Bxg5 20.f4 Be7 21.Kh1 Kh8 22.Ra7 d4
23.cxd4 Rxd4 24.Qf3 Rd2 25.Rf2 Rd7 26.Rxd7 Qxd7 27.h3 c4 28.g4 g6 29.gxf5  1/2-1/2